000 01114nam a2200277Ia 4500
001 ebr10447987
003 CaPaEBR
006 m u
007 cr cn|||||||||
008 950615s2010 xx a sb 001 0 eng d
020 _z9781608051076 (ebook)
040 _aCaPaEBR
_cCaPaEBR
035 _a(OCoLC)708569307
050 1 4 _aRC632.C26
_bL86 2010eb
100 1 _aLumachi, Franco.
245 1 0 _aHypercalcemia pathophysiology & treatment
_h[electronic resource] /
_cby Franco Lumachi & Stefano M. M. Basso.
260 _a[S.l.] :
_bBentham e Books,
_c[2010]
300 _avi, 105 p. :
_bill.
504 _aIncludes bibliographical references and index.
533 _aElectronic reproduction.
_bPalo Alto, Calif. :
_cebrary,
_d2011.
_nAvailable via World Wide Web.
_nAccess may be limited to ebrary affiliated libraries.
650 0 _aHypercalcemia.
650 0 _aHypercalcemia
_xTreatment.
655 7 _aElectronic books.
_2local
700 1 _aBasso, Stefano M. M.
856 4 0 _uhttp://site.ebrary.com/lib/rucke/Doc?id=10447987
_zAn electronic book accessible through the World Wide Web; click to view
999 _c137157
_d137157